Online
Catalog

En el mundo de las cosas inanimadas / (Record no. 48310)

MARC details
000 -CABECERA
campo de control de longitud fija 00692nam a2200205 a 4500
001 - NÚMERO DE CONTROL
campo de control 000048822
005 - FECHA Y HORA DE LA ÚLTIMA TRANSACCIÓN
campo de control 20201002061433.0
008 - DATOS DE LONGITUD FIJA--INFORMACIÓN GENERAL
campo de control de longitud fija 190314s2016 dr 000 0 spa d
020 ## - NÚMERO INTERNACIONAL ESTÁNDAR DEL LIBRO
Número Internacional Estándar del Libro 9789945600544
040 ## - FUENTE DE LA CATALOGACIÓN
Centro catalogador/agencia de origen DO-SdBNP
Lengua de catalogación spa
Centro/agencia transcriptor BNPHU
082 ## - NÚMERO DE LA CLASIFICACIÓN DECIMAL DEWEY
Número de clasificación xxx
Número de documento/Ítem U75
100 1# - ENTRADA PRINCIPAL--NOMBRE DE PERSONA
Nombre de persona Ureña, Arturo Emilio
9 (RLIN) 31601
245 13 - MENCIÓN DE TÍTULO
Título En el mundo de las cosas inanimadas /
Mención de responsabilidad, etc. Arturo Emilio Ureña ; prólogo Aulio Ortiz.
260 ## - PUBLICACIÓN, DISTRIBUCIÓN, ETC.
Lugar de publicación, distribución, etc. Santo Domingo, :
Nombre del editor, distribuidor, etc. Santuario,
Fecha de publicación, distribución, etc. 2016.
300 ## - DESCRIPCIÓN FÍSICA
Extensión 129 p. ;
Dimensiones 23 cm.
500 ## - NOTA GENERAL
Nota general Novela narrada en 15 capítulos
500 ## - NOTA GENERAL
Nota general Incluye datos biografícos del autor en la solapa de la portada.
590 ## - NOTA LOCAL (RLIN)
Nota local Inventariado, 2019/ YL
700 12 - PUNTO DE ACCESO ADICIONAL--NOMBRE DE PERSONA
Nombre de persona Ortiz, Aulio
Término indicativo de función/relación prol.
9 (RLIN) 28506
Holdings
Estado de retiro Estado de pérdida No para préstamo Código de colección Localización permanente Ubicación/localización actual Ubicación en estantería Fecha de adquisición Número de inventario Total de préstamos Signatura topográfica completa Código de barras Fecha visto por última vez Número de copia Precio válido a partir de Tipo de ítem Koha
    Excluido de préstamo Dominicana de Servicio General General En catalogación 15.04.2019 LF1   xxx U75 48822-30 25.06.2020 e. 3 25.06.2020 Libro y Folleto Colección Dominicana de Servicio
    Excluido de préstamo Patrimonio Dominicano Patrimonio Dominicano Patrimonio Dominicano En catalogación 15.04.2019 LF1   xxx U75 48822-10 25.06.2020   25.06.2020 Libro y Folleto Colección Patrimonio Dominicano
    Excluido de préstamo Patrimonio Dominicano Patrimonio Dominicano Patrimonio Dominicano En catalogación 15.04.2019 LF1   xxx U75 48822-20 25.06.2020 e. 2 25.06.2020 Libro y Folleto Colección Patrimonio Dominicano

Powered by Koha